Countries in Flashpoint Europe - Statistics

General Stats
  • This quiz has been taken 21 times
  • The average score is 48 of 62
Answers on the Map
Answers color-coded by a green-red scale on the quiz's map according to % correct below.
 
Answer Stats
Type Answer % Correct
Player France
100%
Player Spain
100%
Player Germany
93%
Player Greece
93%
AI Iceland
93%
Player Ireland
93%
Player Italy
93%
AI Northern Ireland
93%
Player Norway
93%
Player Portugal
93%
Player Russia
93%
AI Scotland
93%
Player Sweden
93%
Player United Kingdom
93%
AI Albania
87%
Player Austria
87%
AI Belgium
87%
Player Canada
87%
Player Croatia
87%
Player Czechia
87%
AI Denmark
87%
Player Finland
87%
AI Malta
87%
AI Netherlands
87%
Player Poland
87%
Player Romania
87%
Player Serbia
87%
AI Slovakia
87%
AI Switzerland
87%
Player Ukraine
87%
Player United States
87%
Player Algeria
80%
AI Bahamas
80%
Player Belarus
80%
AI Bosnia
80%
Player Bulgaria
80%
AI Crimea
80%
Player Cuba
80%
AI Haiti
80%
Player Hungary
80%
Player Iran
80%
AI Iraq
80%
AI Jamaica
80%
Player Syria
80%
Player Turkey
80%
AI Armenia
73%
AI Azerbaijan
73%
AI Catalonia
73%
AI Georgia
73%
AI Morocco
73%
AI North Macedonia
73%
AI Tunisia
73%
AI Kaliningrad
67%
AI Vermont
67%
AI Quebec
60%
Player Baltic States
53%
AI Portugalicia
53%
AI Donbass
33%
AI Karelia
33%
AI Arstotzka
13%
AI Jämtland
13%
AI Veyshnoria
13%
No matching quizzes found
Score Distribution
Percent of People with Each Score
Percentile by Number Answered
Your Score History
You have not taken this quiz